000 00924nam a2200229 i 4500
001 bg
100 1 _aKROSNY, Józef.
245 1 0 _aOświata i doradztwo rolnicze w RFN :
_bwnioski dla Polski /
_cJózef Krosny ; Polska Akademia Nauk. Instytut Rozwoju Wsi i Rolnictwa.
260 _aWarszawa :
_bPAN. IRWiR,
_c2001.
504 _aBibliogr.
650 9 _aRolnictwo
_xszkolnictwo i szkolenie
_zNiemcy (Republika Federalna)
650 9 _aRolnictwo
_xszkolnictwo i szkolenie
_zNiemcy
_yod 1990 r.
710 0 _aPolska Akademia Nauk
_bInstytut Rozwoju Wsi i Rolnictwa
020 _a8385369554
040 _cBPK
041 0 _apol
080 _a374.7+377/378:372.863](430)"1945/..."
920 _a83-85369-55-4
942 _cKS
008 s pl f |000 0 pol
999 _c44027
_d44027
856 _uhttp://koha.tu.koszalin.pl/cgi-bin/koha/opac-detail.pl?biblionumber=44027
_yKatalog online BPK